1131 1823 1027 1674 1445 1355 1164 1351 1163 1117 1198 1642 1203 1895 1922 1865 1703 1315 1331 1407 1579 1877 1626 1279 1215 1520 1367 1990 1617 1389 1923 1592 1941 1356 1895 1047 1527 1217 1151 1944 1894 1779 1625 1831 1653 1780 1472 1201 1278 1685 1321 1648 1656 1001 1362 1172 1408 1517 1720 1275 1567 1949 1427 1453 1707 1879 1869 1877 1391 1330 1823 1009 1454 1264 1875 1547 1595 1482 1644 1727 1071 1379 1131 1464 1133 1276 1298 1188 1812 1926 1993 1128 1968 1608 1544 1963 1940 1556 1598 BCNSPRNW ULIB Ver.6.0+V

เปลี่ยนเป็นภาษาไทย

Change to English
 แสดงรายละเอียดบรรณานุกรม
  กลับหน้าหลัก

Brief Record : Get Marc (ISO 2709) : E-mail record : QR code < ปิดหน้าต่าง
LEADER : 00000nam 2200000uu 4500
001    13399123001
003     ULIB
008    131127s2556||||th 000 0 tha d
099    วจ.LB2301^bศ287ผ
100 0  ศศิธร ชิดนายี และคคนอื่นๆ
245 00 ผลการจัดกิจกรรมพัฒนาความประหยัดโดยการใช้กระบวนการประจ่าง ค่านิยม และการกำกับตนเองที่มีต่อพฤติกรรมการประหยัดของนักศึกษาพยาบาลศาสตร์
260    อุตรดิถต์:^bวิทยาลัยพยาบาลบรมราชชนนี อุตรดิตถ์,^c2556
300    91 แผ่น
650  4 ค่านิยม^xวิจัย
650  4 ความประหยัด^xวิจัย
945    ^p0^l0^i034204
999    ^aเกษร โพธิ์สุวรรณ
รายการนี้ยังไม่มีแท็ก
คุณยังไม่ได้ล็อกอิน คุณสามารถมีกิจกรรมร่วมกับเว็บไซต์ได้ แต่ต้องล็อกอินก่อน ::
  ล็อกอิน

รายการสื่อสารสนเทศ

ลำดับที่ ประเภท เลขเรียก/บาร์โค้ด สถานที่ สถานะ
1. งานวิจัย
งานวิจัย
วจ.LB2301 ศ287ผ  
  Barcode: 034204
ห้องสมุดวิทยาเขตสวรรค์ประชารักษ์
►วิจัย
บนชั้น

BibComment


ยังไม่เคยถูกคอมเมนท์

คอมเมนท์ทรัพยากรรายการนี้
  คอมเมนท์: ผลการจัดกิจกรรมพั..


 Copyright 2026. Bcnsprnw @Library